El Dios vivo y verdadero: el misterio de la Trinidad
Gespeichert in:
| 1. Verfasser: | |
|---|---|
| Format: | Buch |
| Sprache: | Spanisch |
| Veröffentlicht: |
Salamanca
Secretariado Trinitario
2010
|
| Ausgabe: | 4a. ed |
| Schriftenreihe: | Agape, 19
|
| Schlagworte: | |
| Tags: |
Tag hinzufügen
Keine Tags, Fügen Sie den ersten Tag hinzu!
|
MARC
| LEADER | 00000cam a2200000 a 4500 | ||
|---|---|---|---|
| 001 | UCD1085 | ||
| 003 | CL-VaPUC | ||
| 008 | 160107e20100000sp |||||||||||||||||spa|d | ||
| 020 | |a 9788488643407 | ||
| 082 | 0 | 4 | |a 231.044 |b LAD |2 21 |
| 100 | |a Ladaria Ferrer, Luis Francisco |e author |9 484202 | ||
| 245 | 1 | 3 | |a El Dios vivo y verdadero: el misterio de la Trinidad |
| 250 | |a 4a. ed | ||
| 300 | |a 609 p | ||
| 942 | |c BK | ||
| 945 | |d 20160107 17:52:00 |a dcastane | ||
| 260 | |a Salamanca |b Secretariado Trinitario |c 2010 | ||
| 650 | 0 | |a Teología |9 258766 | |
| 650 | 0 | |a Filosofía cristiana |9 265980 | |
| 650 | 0 | |a Dios |9 266622 | |
| 650 | 7 | |a SANTISIMA TRINIDAD |2 CL-VaPUC |9 479104 | |
| 583 | |a last modification |c 20160107 17:52:00 |k Rodrigo Vera | ||
| 490 | 0 | |a Agape, 19 | |
| 999 | |c 362510 |d 362508 | ||
| 952 | |0 0 |1 0 |3 erd |4 0 |6 231_044000000000000_LAD_2010 |7 0 |8 A |9 473804 |a BIBTEO |b BIBTEO |i 5260019 |l 2 |o 231.044 LAD 2010 |p 5260019 |r 2025-01-17 |s 2022-09-26 |w 2019-11-24 |y BK |z Catalogado en:20160107 |k ICR | ||